Travis County soil and water conservation needs.

Bibliographic Details
Corporate Author: Travis County (Tex.). Conservation Needs Inventory Committee
Format: Book
Language:English
Published: [Place of publication not identified] : [n.p.], [1970?]
Subjects:

MARC

Tag First Indicator Second Indicator Subfields
LEADER 00000cam a2200000 4500
001 in00000990665
005 20150927160939.0
008 900510s1970 txuab 00010 eng d
035 |a (OCoLC)21504368 
035 |9 AEY5282AM 
040 |a TXA  |c TXA  |d UtOrBLW 
049 1 |a TXA2 
090 |a S624.T4  |b T72 1970 
110 1 |a Travis County (Tex.).  |b Conservation Needs Inventory Committee. 
245 1 0 |a Travis County soil and water conservation needs. 
264 1 |a [Place of publication not identified] :  |b [n.p.],  |c [1970?] 
300 |a [i] 17 leaves :  |b maps, tables ;  |c 28 cm. 
336 |a text  |b txt  |2 rdacontent 
337 |a unmediated  |b n  |2 rdamedia 
338 |a volume  |b nc  |2 rdacarrier 
500 |a The following agencies contributed to the data: Taylor Soil and Water Conservation District, Hays-Caldwell-Travis Soil and Water Conservation District [and others] 
650 0 |a Soil conservation  |z Texas  |z Travis County. 
650 0 |a Land use  |z Texas  |z Travis County. 
650 0 |a Soils  |z Texas  |z Travis County. 
999 |a MARS 
999 f f |s e390accf-940d-3160-9140-f5da60eb100a  |i 633f9394-aaf2-35a9-b953-24659d725475  |t 0 
952 f f |p ric  |a Texas A&M University  |b Rellis Campus  |c Joint Library Facility  |d Remote Storage  |t 0  |e S624.T4 T72 1970  |h Library of Congress classification  |i unmediated -- volume  |m A14814277268 
998 f f |a S624.T4 T72 1970  |t 0  |l Remote Storage